000 00746nam a22001697a 4500
008 100628t xxu||||| |||| 00| 0 eng d
082 _222
_a370.962
_bع ل ى
100 _915415
_aعلى, سعيد إسماعيل
245 _aمحنة التعليم فى مصر /
_cسعيد إسماعيل على
260 _aالقاهرة :
_bجريدة الأهالى,
_c1984.
300 _a259 ص:؛
_c15 سم.
490 _915422
_aكتاب الأهالى
650 _915426
_aالتعليم -مصر
650 _915431
_aالتعليم - البحوث التربوية
942 _2ddc
_cARCH
999 _c14280
_d14280